| 000 | 00512nam a2200205Ia 4500 | ||
|---|---|---|---|
| 005 | 20250923150426.0 | ||
| 008 | 008 250917s9999 xx 000 0 eng d | ||
| 037 | _aTextual | ||
| 040 |
_aDSWL _beng _cDSWL |
||
| 041 |
_aeng _2eng |
||
| 084 | _qDSWL | ||
| 100 |
_aChughtai, Ismat _9845815 |
||
| 245 | 0 |
_aOne drop of blood _cby Ismat Chughtai |
|
| 260 |
_aNew Delhi _b Women Unlimited _c2020 |
||
| 300 | _a410 p. | ||
| 365 |
_aINR _b575 |
||
| 925 | _g575 | ||
| 942 | _cTEXL | ||
| 999 |
_c1463305 _d1463305 |
||